Business environment : (Record no. 31046)

MARC details
000 -LEADER
fixed length control field 02807naa a2200373 4500
005 - DATE AND TIME OF LATEST TRANSACTION
control field 20091026135421.0
008 - FIXED-LENGTH DATA ELEMENTS--GENERAL INFORMATION
fixed length control field 090219t xxu||||| |||| 00| 0 eng d
010 ## - LCCN (DPL NO)
LC control number B-340920-928
020 ## - INTERNATIONAL STANDARD BOOK NUMBER
Terms of availability 375.00
035 ## - SYSTEM CONTROL NUMBER
System control number B-340920-928
037 ## - SOURCE OF ACQUISITION
Source of stock number/acquisition Himalaya Publishing House
040 ## - CATALOGING SOURCE
Original cataloging agency dpl
Language of cataloging English
082 ## - DEWEY DECIMAL CLASSIFICATION NUMBER
Classification number 658
100 ## - MAIN ENTRY--PERSONAL NAME
Personal name Cherunilam, Francis
245 ## - TITLE STATEMENT
Title Business environment :
Statement of responsibility, etc by Francis Cherunilam
Remainder of title text and cases /
250 ## - EDITION STATEMENT
Edition statement 18th rev. ed.
260 ## - PUBLICATION, DISTRIBUTION, ETC. (IMPRINT)
Place of publication, distribution, etc Delhi
Name of publisher, distributor, etc Himalaya Publishing House
Date of publication, distribution, etc 2009(repr.).
270 ## - ADDRESS
Address Pooja Apartment, 4-B, Murari Lal Street, Ansari Road, Darya Ganj
City New Delhi
Postal code 110 002
Telephone number 011-23270392,
Fax number 011-23243030, 011-23256286
Electronic mail address himpub@vsnl.net.in
300 ## - PHYSICAL DESCRIPTION
Extent xiv, 776 p.
Dimensions 28cm(pbk)
500 ## - GENERAL NOTE
General note includes index
650 ## - SUBJECT ADDED ENTRY--TOPICAL TERM
Topical term or geographic name as entry element Industrial management
650 ## - SUBJECT ADDED ENTRY--TOPICAL TERM
Topical term or geographic name as entry element Business
942 ## - ADDED ENTRY ELEMENTS (KOHA)
Institution code [OBSOLETE] dpl
Item type English Books
Call number prefix
Source of classification or shelving scheme Dewey Decimal Classification
Classification part 658
Call number suffix CHE
Holdings
Withdrawn status Lost status Source of classification or shelving scheme Damaged status Not for loan Collection code Home library Current library Date acquired Source of acquisition Cost, normal purchase price Total Checkouts Total Renewals Full call number Barcode Date last seen Copy number Cost, replacement price Koha item type
    Dewey Decimal Classification     Non-fiction Central Library Central Library 26/10/2009 Himalaya Pub. House/A430671/11.6.09/38/5.6.09/17.6.09 395.00 6 3 658 CHE B-340920 29/07/2019 1 395.00 English Books
    Dewey Decimal Classification     Non-fiction Janak Puri Janak Puri 26/10/2009 Himalaya Pub. House/A430671/11.6.09/38/5.6.09/17.6.09 395.00 7   658 CHE B-340924 04/12/2021 1 395.00 English Books
    Dewey Decimal Classification     Non-fiction Karol Bagh Karol Bagh 26/10/2009 Himalaya Pub. House/A430671/11.6.09/38/5.6.09/17.6.09 395.00     658 CHE B-340927 26/10/2009 1 395.00 English Books
    Dewey Decimal Classification     Non-fiction Mobile Library Mobile Library 26/10/2009 Himalaya Pub. House/A430671/11.6.09/38/5.6.09/17.6.09 395.00     658 CHE B-340921 26/10/2009 2 395.00 English Books
    Dewey Decimal Classification     Non-fiction Mobile Library Mobile Library 26/10/2009 Himalaya Pub. House/A430671/11.6.09/38/5.6.09/17.6.09 395.00     658 CHE B-340922 26/10/2009 2 395.00 English Books
  Written-off vide DLB M. No. 383 dt 16.05.19 Dewey Decimal Classification     Non-fiction Patel Nagar Patel Nagar 26/10/2009 Himalaya Pub. House/A430671/11.6.09/38/5.6.09/17.6.09 395.00     658 CHE B-340923 26/10/2009 1 395.00 English Books
    Dewey Decimal Classification     Non-fiction Sarojini Nagar Sarojini Nagar 26/10/2009 Himalaya Pub. House/A430671/11.6.09/38/5.6.09/17.6.09 395.00 5 6 658 CHE B-340925 06/08/2022 1 395.00 English Books
  Lost and Paid For Dewey Decimal Classification     Non-fiction Shahdara Branch Shahdara Branch 26/10/2009 Himalaya Pub. House/A430671/11.6.09/38/5.6.09/17.6.09 395.00     658 CHE B-340928 26/10/2009 1 395.00 English Books
    Dewey Decimal Classification     Non-fiction Vinoba Puri Vinoba Puri 26/10/2009 Himalaya Pub. House/A430671/11.6.09/38/5.6.09/17.6.09 395.00 4 3 658 CHE B-340926 04/04/2015 1 395.00 English Books

© Delhi Public Library
Hit Counter
free hit counter